000 00387nam a22001577a 4500
003 MACL
005 20191010161331.0
008 191010b xxu||||| |||| 00| 0 eng d
022 _a978-93-82031-48-2
040 _cMACL
100 _aBhattacharjee, R.
_976915
245 _aMuse and The Mars
260 _aFaridabad
_bGupta Pra
_c2018
650 _aLiterature
_976917
942 _2ddc
_cBK
999 _c61176
_d61176